000 02674nam a2200769 c 4500
003 BLK
005 20180420230109.0
008 180409b bul|||||r ||||||| ||bul||
010 _aKNG00106585000
020 _a5-17-001892-4
_bиздат.: АСТ
020 _a985-13-0828-5
_bиздат.: Харвест
020 _a985-13-1066-2
_bиздат.: Харвест - на том(т. 9)
040 _aBLK
041 _aRUS
_cRUS
080 _aОбща световна история. История на света
_b930.9
_x
_z930.9
080 _aИстория на Европа. Ново време (1492-1914)
_b940.2
_x
_z940.2
100 1 _aБадак, Александр Николаевич
_eпърви автор
_935166
139 _aВсемирная история
_bВ 88
245 1 0 _aВсемирная история
_bТ. 1 -
_cАлександр Николаевич Бадак.
_nТ. 9
_pНачало возрождения
257 _aBYE
_aRUS
260 Москва ; Минск
_bАСТ
_bХарвест
_c2000 -
_fМинск : ПК им. Я. Коласа
300 _c21 см
380 _a9
500 _aОфс. изд.
650 4 _aИстория, световна
_9261939
650 4 _aВъзраждане
_9273323
653 _aсветовна история
653 _aВъзраждане
653 _aРенесанс
653 _aЕвропа
653 _aОсманска империя
653 _aИталия
653 _aФранция
653 _aАнглия
653 _aГермания
653 _aСкандинавия
653 _aЧехия
653 _aПолша
653 _aСловакия
653 _aИспания
653 _aПортугалия
653 _aЕгипет
653 _aСирия
653 _aБългария
653 _aБосна и Херцеговина
653 _aХърватия
653 _aАлбания
653 _aУнгария
653 _aМолдова
653 _aРумъния
653 _aВизантия
653 _aРусия
653 _aЗлатна Орда
653 _aУкрайна
653 _aБелорусия
653 _aЛитва
653 _aЛатвия
653 _aЕстония
653 _aПрибалтика
653 _aистория
760 1 _3- на том(т. 9)
_aБадак, Александр Николаевич
_dХарвест, 2002
_h592 с.
_n5 100 тир.
_tТ. 9 Начало возрождения
852 _aЦб 215111
856 4 _qpdf
_u
856 4 _qpdf
_u
942 _cKNG
_n0
944 _aCR
_c01.01.2002
_k
944 _aED
_c23.06.2003
_k
999 _c101535
_d101535